000 004310000a22001690004500
003 MACL
005 20151229135039.0
008 151229b xxu||||| |||| 00| 0 eng d
040 _aMACL
_cMACL
041 _aEnglish
082 _a181.48/SAS
100 _aSuryanarayana Sastri. S S
_923907
245 _aVedantaparibhasa
260 _bThe Adyar Library
_c1942
650 _aOrient parerbacks
_923597
942 _cBK
_k181.48/sas
_2ddc
999 _c34629
_d34629